00441 a2200109 4500001001000000005001700010008004100027245013800068100002700206700002700233773007100260ART_2832620260410161951.0260409a 10aImportancia de la prueba en la responsabilidad por el riesgo o vicio de la cosa según la prescripción del artículo 40 de la LDC1 aGraziabile, Darío J.1 aAlmada, Sebastián E.0 tTemas de derecho comercialg- Año 1, Nº 3 (mar. 2015)wREV28151